MARC details
| 000 -CABECERA |
| campo de control de longitud fija |
01200nam a2200277 a 4500 |
| 001 - NÚMERO DE CONTROL |
| campo de control |
000018864 |
| 003 - IDENTIFICADOR DEL NÚMERO DE CONTROL |
| campo de control |
DO-SdBNP |
| 005 - FECHA Y HORA DE LA ÚLTIMA TRANSACCIÓN |
| campo de control |
20240503180457.0 |
| 008 - DATOS DE LONGITUD FIJA--INFORMACIÓN GENERAL |
| campo de control de longitud fija |
100519s1976 mx a 000 0 spa d |
| 040 ## - FUENTE DE LA CATALOGACIÓN |
| Centro catalogador/agencia de origen |
DO-SdBNP |
| Lengua de catalogación |
spa |
| Centro/agencia transcriptor |
BNPHU |
| 049 ## - FONDOS LOCALES (OCLC) |
| Fondos de biblioteca |
BNGR |
| 082 ## - NÚMERO DE LA CLASIFICACIÓN DECIMAL DEWEY |
| Número de clasificación |
304.666 |
| Número de documento/Ítem |
I43e |
| 240 10 - TÍTULO UNIFORME |
| Título uniforme |
Information, education, and communication for population and family planning. |
| Lenguaje de la obra |
Español. |
| 245 00 - MENCIÓN DE TÍTULO |
| Título |
Información, enseñanza y comunicación en la planificación familiar y de población / |
| Mención de responsabilidad, etc. |
compilado por W. Bert Johnson, Frank Wilder, Donald J. Bogue ; traducción de René Cárdenas Barrios. |
| 260 ## - PUBLICACIÓN, DISTRIBUCIÓN, ETC. |
| Lugar de publicación, distribución, etc. |
México : |
| Nombre del editor, distribuidor, etc. |
Diana, |
| Fecha de publicación, distribución, etc. |
1976. |
| 300 ## - DESCRIPCIÓN FÍSICA |
| Extensión |
337 p. : |
| Otras características físicas |
il. ; |
| Dimensiones |
22 cm. |
| 534 ## - NOTA SOBRE LA VERSIÓN ORIGINAL |
| Frase introductoria |
Título original en inglés: |
| Mención de título del original |
Information, education, and communication for population and family planning. |
| Publicación, distribución, etc. del original |
Chicago : Community and Family Study Center University of Chicago, 1973 |
| 650 #4 - PUNTO DE ACCESO ADICIONAL DE MATERIA--TÉRMINO DE MATERIA |
| Término de materia o nombre geográfico como elemento de entrada |
Control natal |
| 9 (RLIN) |
26741 |
| 650 #4 - PUNTO DE ACCESO ADICIONAL DE MATERIA--TÉRMINO DE MATERIA |
| Término de materia o nombre geográfico como elemento de entrada |
Política social |
| 9 (RLIN) |
85378 |
| 650 #4 - PUNTO DE ACCESO ADICIONAL DE MATERIA--TÉRMINO DE MATERIA |
| Término de materia o nombre geográfico como elemento de entrada |
Política social |
| 9 (RLIN) |
85378 |
| 700 1# - PUNTO DE ACCESO ADICIONAL--NOMBRE DE PERSONA |
| Nombre de persona |
Johnson, W. Bert, |
| Término indicativo de función/relación |
comp. |
| 9 (RLIN) |
40636 |
| 700 1# - PUNTO DE ACCESO ADICIONAL--NOMBRE DE PERSONA |
| Nombre de persona |
Wilder, Frank, |
| Término indicativo de función/relación |
comp. |
| 9 (RLIN) |
40637 |
| 700 1# - PUNTO DE ACCESO ADICIONAL--NOMBRE DE PERSONA |
| Nombre de persona |
Bogue, Donald J., |
| Término indicativo de función/relación |
comp. |
| 9 (RLIN) |
40638 |
| 700 1# - PUNTO DE ACCESO ADICIONAL--NOMBRE DE PERSONA |
| Nombre de persona |
Cárdenas Barrios, René, |
| Término indicativo de función/relación |
tr. |
| 9 (RLIN) |
12537 |
| 942 ## - ELEMENTOS DE PUNTO DE ACCESO ADICIONAL (KOHA) |
| Fuente del sistema de clasificación o colocación |
Dewey Decimal Classification |
| Tipo de ítem Koha |
Libro |